EGA/VGA, a programmer's reference guide / (Record no. 176574)
[ view plain ]
| 000 -LEADER | |
|---|---|
| fixed length control field | 01122 a2200193 4500 |
| 003 - CONTROL NUMBER IDENTIFIER | |
| control field | Nust |
| 005 - DATE AND TIME OF LATEST TRANSACTION | |
| control field | 20230620094305.0 |
| 010 ## - LIBRARY OF CONGRESS CONTROL NUMBER | |
| LC control number | 87083102 |
| 020 ## - INTERNATIONAL STANDARD BOOK NUMBER | |
| International Standard Book Number | 0070350892 (McGraw-Hill) |
| 040 ## - CATALOGING SOURCE | |
| Transcribing agency | Nust |
| 082 00 - DEWEY DECIMAL CLASSIFICATION NUMBER | |
| Classification number | 006.676,KLI |
| 100 1# - MAIN ENTRY--PERSONAL NAME | |
| Personal name | Kliewer, Bradley Dyck. |
| 9 (RLIN) | 113149 |
| 245 10 - TITLE STATEMENT | |
| Title | EGA/VGA, a programmer's reference guide / |
| Statement of responsibility, etc. | Bradley Dyck Kliewer. |
| 260 ## - PUBLICATION, DISTRIBUTION, ETC. | |
| Place of publication, distribution, etc. | New York, N.Y. : |
| Name of publisher, distributor, etc. | Intertext Publications : |
| -- | McGraw-Hill, |
| Date of publication, distribution, etc. | c1988. |
| 300 ## - PHYSICAL DESCRIPTION | |
| Extent | xv, 269 p. : |
| Other physical details | ill. ; |
| Dimensions | 23 cm. |
| 505 ## - FORMATTED CONTENTS NOTE | |
| Formatted contents note | The Question of Compatibility (Page-1), Introduction to BIOS Writing Modifiable Programs (Page-5), BIOS Screen I/O (Page-27), BIOS EGA/VGA Extensions (Page-45), Physical Construction (Page-79), Introduction to Register Programming (Page-93), The Sequencer Registers (Page-103), The CRT Controller Registers (Page-111), The Attributed Controller Registers (Page-157), The Digital to Analog Converter Registers (VGA only) (Page-169), The BIOS Save Area (Page-173), Displays (Page-183), Programming Tricks and Traps (Page-189), Applications (Page-203). |
| 650 #0 - SUBJECT ADDED ENTRY--TOPICAL TERM | |
| Topical term or geographic name entry element | Computer graphics |
| General subdivision | Standards. |
| 9 (RLIN) | 113150 |
| 942 ## - ADDED ENTRY ELEMENTS (KOHA) | |
| Source of classification or shelving scheme | |
| Koha item type | Book Bank |
| Withdrawn status | Lost status | Source of classification or shelving scheme | Damaged status | Not for loan | Permanent Location | Current Location | Shelving location | Date acquired | Full call number | Barcode | Date last seen | Price effective from | Koha item type | Public note |
|---|---|---|---|---|---|---|---|---|---|---|---|---|---|---|
| Military College of Signals (MCS) | Military College of Signals (MCS) | General Stacks | 12/12/2016 | 006.676,KLI | MCS2546 | 12/08/2016 | 12/12/2016 | Book | Almirah No.81, Shelf No.5 |
